Biological control of microbial plant pathogens

Αποθηκεύτηκε σε:
Λεπτομέρειες βιβλιογραφικής εγγραφής
Κύριος συγγραφέας: Campbell, R. E. (Richard Ewen)
Μορφή: Βιβλίο
Γλώσσα:English
Δημοσίευση: Cambridge : Cambridge University Press, 1989
Θέματα:
Ετικέτες: Προσθήκη ετικέτας
Δεν υπάρχουν, Καταχωρήστε ετικέτα πρώτοι!

MARC

LEADER 00000nam a2200000 i 4500
001 1/65381
008 931008s1989 eng d
020 |a 0-521-34900-1 
035 |a ΛΕΣΒΟΣb10001546  |l 10001546 
040 |a GR-MY-UA  |b gre  |e aacr 
041 0 |a eng 
082 0 |a 632.3 
100 1 |a Campbell, R. E.  |q (Richard Ewen) 
245 1 0 |a Biological control of microbial plant pathogens /  |c R. Campbell 
260 |a Cambridge :   |b Cambridge University Press,   |c 1989 
300 |a 183 p.  |b tables; figures 
504 |a Bibliography: p.192-199. Includes indexes. 
650 0 0 |a Phytopathogenic microorganisms  |x Biological control. 
852 |a INST  |b LESVOS  |e 19931008  |h 632.3 CAM  |p 005100006092  |q 005100006092  |t BK  |y 0 
909 |a Λ  |b 018842